000 00748nam a2200217 a 4500
001 000013182
005 20240412074238.0
008 091120s2002 dr 001 0 spa d
020 _a9993439169
040 _aDO-SdBNP
_bspa
_cBNPHU
082 _aRD863.44
_bV164c
100 1 _aValerio-Holguín, Fernando,
_d1956-
_916454
245 1 0 _aCafé insomnia :
_bcuentos /
_cFernando Valerio-Holguín.
260 _aSanto Domingo:
_aLibrería de la Trinitaria,
_c2002.
300 _a128 p. ;
_c21 cm.
500 _aIncluye datos biográficos del autor en la solapa de la contracubierta.
590 _aInventariado, 2020 /LP
650 0 _aCuentos dominicanos
_9176
650 0 _aLiteratura dominicana.
_967
910 _aValidado. Control de calidad BNPHU.
999 _c12821
_d12821